000
00209nam a22000857a 4500
008
170130b xxu||||| |||| 00| 0 eng d
100
_9
2673
_a
Wancho.I.L
245
_a
Map History Bok
260
_a
New Delhi
_b
GBP
_c
2009
999
_c
5829
_d
5829